000 00481nam a2200217Ia 4500
001 096073
003 YMCAF
005 20230512161959.0
008 100717s2008 ||||||||||||||||| ||und|d
024 _a96073
035 _a35531
040 _aYMCAF
_beng
_cIN-KoLT
041 _aeng
082 _a003.54
_bBOS
100 _aBose, Ranjan
245 0 _aInformation theory, coding and cryptography
250 _a2nd
260 _bTMH
_c2008
300 _a326
942 _2ddc
_cBK
999 _c10077
_d10077